00759nam a2200193 u 450000100100000000500170001000800410002704000250006808200150009310000260010824500560013426000420019030000210023250001110025350000620036404900090042695201130043599900170054800002093520200930011206.0100824s1985 dr r 001 0 spa d aDO-SdBNPbspacBNPHU axxxxbZ38p1 aZatar, Ayer S.94386110aPalestina en el coliceo del mundo /cAyer S. Zatar. aSanto Domingo :bAlfa y Omega,c1985. a173 p. ;c21 cm. aMasacres, expansiones, agresiones y paz, una política colonialista imperialista Judeo-Sionista elaborada aIncluye datos biográficos del autor en la contracubieta aBNPD 0010718PDaPDbPDcCTd2010-08-24iLF1l0oxxxx Z38pp20935-10r2020-06-25w2020-06-25yLFPDZNo se presta c20438d20438